Statistiques concernant Taupe Gun I

Cliquez ici pour prendre le quiz!

Statistiques générales

  • Ce quiz a été pris 52 fois
  • Le résultat moyen est 10 sur 20

Statistiques - réponses

Taupe (couleur de team)Réponse% Correct
OuiAypierre
92%
NonFukano
83%
NonNems
72%
NonZeratoR
72%
OuiAzenet
64%
NonNewtiteuf
61%
NonJiraya
58%
NonXari
58%
OuiThoyy
53%
NonMrBboy45
50%
NonAurelien Sama
47%
NonDark Funeral
47%
NonShorty
42%
NonBillSilverlight
39%
NonAlexclick
36%
NonEpeeForte
36%
OuiFoxseen
36%
NonMisterDaweed
33%
NonZephirr
31%
NonMuzaren
28%

Distribution des résultats

Percentile par nombre de réponses

% des personnes avec chaque résultat

Votre développement - résultats

Vous n’avez pas pris ce quiz